LIBRARY ONLINE CATALOGUE

Succeeding with your doctorate / (Record no. 3473)

MARC details
000 -LEADER
fixed length control field 00590cam a22001932 4500
001 - CONTROL NUMBER
control field 0000009503
005 - DATE AND TIME OF LATEST TRANSACTION
control field 20151217145851.0
008 - FIXED-LENGTH DATA ELEMENTS--GENERAL INFORMATION
fixed length control field 081031s xx 000 0 eng d
020 ## - INTERNATIONAL STANDARD BOOK NUMBER
International Standard Book Number 1412901162 :
Terms of availability KES 2520
040 ## - CATALOGING SOURCE
Original cataloging agency KABU
Transcribing agency KABUl
245 10 - TITLE STATEMENT
Title Succeeding with your doctorate /
Statement of responsibility, etc. Jerry Wellington ...[et al.]
260 ## - PUBLICATION, DISTRIBUTION, ETC. (IMPRINT)
Place of publication, distribution, etc. London :
Name of publisher, distributor, etc. SAGE,
Date of publication, distribution, etc. 2005.
300 ## - PHYSICAL DESCRIPTION
Extent xii, 228 p.
650 #0 - SUBJECT ADDED ENTRY--TOPICAL TERM
Topical term or geographic name as entry element Doctor of philosophy
Form subdivision Handbooks, manuals, etc.
-- 0000161038
700 1# - ADDED ENTRY--PERSONAL NAME
Personal name Wellington, Jerry.
-- 0000153541
908 ## - PUT COMMAND PARAMETER (RLIN)
Put command parameter 081031
950 ## - LOCAL HOLDINGS (RLIN)
-- 1
Holdings
Withdrawn status Lost status Source of classification or shelving scheme Not for loan Home library Current library Date acquired Total Checkouts Full call number Barcode Date last seen Price effective from Koha item type
    Library of Congress Classification   Kabarak, Main Campus Kabarak, Main Campus 17/12/2015   LB2369 .S83 c. 1 15140 17/12/2015 17/12/2015 General Collection